<?xml version="1.0" encoding="UTF-8"?>
<record
    xmlns:xsi="http://www.w3.org/2001/XMLSchema-instance"
    xsi:schemaLocation="http://www.loc.gov/MARC21/slim http://www.loc.gov/standards/marcxml/schema/MARC21slim.xsd"
    xmlns="http://www.loc.gov/MARC21/slim">

  <leader>01099nam0a2200289   4500</leader>
  <controlfield tag="001">RU\NLR\BIBL_A\012383120</controlfield>
  <controlfield tag="005">20250624022754.0</controlfield>
  <datafield tag="035" ind1=" " ind2=" ">
    <subfield code="a">(NLR Aleph) 012383120</subfield>
  </datafield>
  <datafield tag="090" ind1=" " ind2=" ">
    <subfield code="a">13301652</subfield>
    <subfield code="c">13301652</subfield>
  </datafield>
  <datafield tag="100" ind1=" " ind2=" ">
    <subfield code="a">20201020d1968    |||y0rusy50      ca</subfield>
  </datafield>
  <datafield tag="101" ind1="0" ind2=" ">
    <subfield code="a">aze</subfield>
  </datafield>
  <datafield tag="102" ind1=" " ind2=" ">
    <subfield code="a">AZ</subfield>
  </datafield>
  <datafield tag="105" ind1=" " ind2=" ">
    <subfield code="a">y   z   000 y</subfield>
  </datafield>
  <datafield tag="181" ind1=" " ind2="0">
    <subfield code="a">i</subfield>
    <subfield code="b">axxe</subfield>
  </datafield>
  <datafield tag="182" ind1=" " ind2="0">
    <subfield code="a">n</subfield>
  </datafield>
  <datafield tag="200" ind1="1" ind2=" ">
    <subfield code="a">&#x421;&#x438;&#x437;&#x438;&#x43D; &#x441;&#x430;&#x493;&#x43B;&#x430;&#x43C;&#x43B;&#x44B;&#x493;&#x44B;&#x43D;&#x44B;&#x437;</subfield>
    <subfield code="f">&#x412;.&#x421;. &#x4BA;&#x4D9;&#x441;&#x4D9;&#x43D;&#x43E;&#x432;, &#x442;&#x438;&#x431;&#x431;. &#x435;&#x43B;&#x43C;. &#x43D;&#x430;&#x43C;.</subfield>
    <subfield code="g">&#x410;&#x437;&#x4D9;&#x440;&#x431;.&#x421;&#x421;&#x420; &#x421;&#x4D9;&#x4BB;&#x438;jj&#x4D9; &#x43D;&#x430;&#x437;. &#x420;&#x435;&#x441;&#x43F;. &#x421;&#x430;&#x43D;&#x438;&#x442;&#x430;&#x440;&#x438;j&#x430; &#x41C;&#x430;&#x430;&#x440;&#x438;&#x444;&#x438; &#x435;&#x432;&#x438;</subfield>
  </datafield>
  <datafield tag="203" ind1=" " ind2=" ">
    <subfield code="a">&#x422;&#x435;&#x43A;&#x441;&#x442;</subfield>
    <subfield code="b">&#x432;&#x438;&#x437;&#x443;&#x430;&#x43B;&#x44C;&#x43D;&#x44B;&#x439;</subfield>
    <subfield code="c">&#x43D;&#x435;&#x43F;&#x43E;&#x441;&#x440;&#x435;&#x434;&#x441;&#x442;&#x432;&#x435;&#x43D;&#x43D;&#x44B;&#x439;</subfield>
  </datafield>
  <datafield tag="210" ind1=" " ind2=" ">
    <subfield code="a">&#x411;&#x430;&#x43A;&#x44B;</subfield>
    <subfield code="c">&#x420;&#x435;&#x441;&#x43F;. &#x421;&#x430;&#x43D;&#x438;&#x442;&#x430;&#x440;&#x438;j&#x430; &#x41C;&#x430;&#x430;&#x440;&#x438;&#x444;&#x438; &#x435;&#x432;&#x438;</subfield>
    <subfield code="d">1968</subfield>
  </datafield>
  <datafield tag="215" ind1=" " ind2=" ">
    <subfield code="a">14,[1] c.</subfield>
    <subfield code="d">20</subfield>
  </datafield>
  <datafield tag="300" ind1=" " ind2=" ">
    <subfield code="a">&#x411;&#x435;&#x437; &#x442;&#x438;&#x442;.&#x43B;., &#x43E;&#x43F;&#x438;&#x441;. &#x43F;&#x43E; &#x43E;&#x431;&#x43B;.</subfield>
  </datafield>
  <datafield tag="541" ind1="1" ind2=" ">
    <subfield code="6">z01790</subfield>
    <subfield code="a">&#x412;&#x430;&#x448;&#x435; &#x437;&#x434;&#x43E;&#x440;&#x43E;&#x432;&#x44C;&#x435;</subfield>
  </datafield>
  <datafield tag="700" ind1=" " ind2="1">
    <subfield code="a">&#x4BA;&#x4D9;&#x441;&#x4D9;&#x43D;&#x43E;&#x432;</subfield>
    <subfield code="b">&#x412;. &#x421;.</subfield>
    <subfield code="g">&#x412;&#x4D9;&#x43B;&#x438; &#x421;&#x430;&#x434;&#x44B;&#x433; &#x43E;&#x493;&#x43B;&#x443;</subfield>
    <subfield code="4">070</subfield>
  </datafield>
  <datafield tag="790" ind1=" " ind2="1">
    <subfield code="6">z01541</subfield>
    <subfield code="a">&#x413;&#x430;&#x441;&#x430;&#x43D;&#x43E;&#x432;</subfield>
    <subfield code="b">&#x412;. &#x421;.</subfield>
    <subfield code="g">&#x412;&#x435;&#x43B;&#x438; &#x421;&#x430;&#x434;&#x44B;&#x445; &#x43E;&#x433;&#x43B;&#x44B;</subfield>
    <subfield code="4">070</subfield>
  </datafield>
  <datafield tag="852" ind1=" " ind2=" ">
    <subfield code="a">NLR</subfield>
    <subfield code="b">&#x41E;&#x41D;&#x41B;</subfield>
    <subfield code="j">&#x410;&#x437;&#x435;&#x440;&#x431;./2-14436</subfield>
  </datafield>
  <datafield tag="942" ind1=" " ind2=" ">
    <subfield code="c">BOOK</subfield>
  </datafield>
  <datafield tag="980" ind1=" " ind2=" ">
    <subfield code="a">NB</subfield>
  </datafield>
  <datafield tag="995" ind1=" " ind2=" ">
    <subfield code="5">2020-10-20</subfield>
    <subfield code="b">NLR01</subfield>
    <subfield code="c">NLR01</subfield>
    <subfield code="e">ONL01</subfield>
    <subfield code="f">1-1439767</subfield>
    <subfield code="k">&#x41E;&#x41D;&#x41B; &#x410;&#x437;&#x435;&#x440;&#x431;./2-14436</subfield>
    <subfield code="o">0</subfield>
    <subfield code="r">BOOK</subfield>
    <subfield code="s">_214436</subfield>
  </datafield>
</record>
